[Event "Mitropa Team Cup"]
[Site "Charleville FRA"]
[Date "2000.12.02"]
[Round "8"]
[White "Likavsky,T"]
[Black "Acs,P"]
[Result "0-1"]
[WhiteElo "2409"]
[BlackElo "2497"]

1.Nf3 d5 2.c4 c6 3.d4 Nf6 4.e3 Bf5 5.Nc3 e6 6.Nh4 Be4 7.f3 Bg6 8.Bd2 Nbd7
9.Qb3 Rb8 10.Nxg6 hxg6 11.cxd5 exd5 12.e4 dxe4 13.Bc4 Qe7 14.O-O-O b5 15.Bd3 Qb4
16.fxe4 Qxd4 17.Bf4 Bd6 18.Bxd6 Qxd6 19.e5 Nxe5 20.Bxg6 Qc5 21.Bc2 O-O 22.Kb1 Rfd8
23.Ne4 Nxe4 24.Bxe4 Rd4 25.Bc2 Rbd8 26.Rxd4 Rxd4 27.Qh3 g6 28.Rc1 Qd6 29.Re1 Kg7
30.Qg3 f6 31.h4 Rg4 32.Qe3 c5 33.h5 gxh5 34.Rd1 Rd4 35.Qg3+ Kf7 36.Bg6+ Kf8
37.Rxd4 Qxd4 38.Bxh5 b4 39.Qe1 a5 40.Bd1 c4 41.Bc2 Ke7 42.Qf1 Qe3 43.Ka1 Nd3
44.Bxd3 cxd3 45.Kb1 Qe4 46.Kc1 Qc4+ 47.Kd2 Qc2+ 48.Ke3 d2  0-1

[Event "Belgian Interteams 2000-1"]
[Site "BEL"]
[Date "2000.12.03"]
[Round "4"]
[White "De Bruycker,B"]
[Black "Krijgelmans,J"]
[Result "1-0"]
[WhiteElo "2216"]
[BlackElo "2193"]

1.Nf3 d5 2.c4 c6 3.b3 Nf6 4.g3 Qb6 5.Bg2 e5 6.cxd5 e4 7.Ng5 cxd5 8.Nc3 Bf5
9.f3 h6 10.fxe4 hxg5 11.exf5 Rxh2 12.Kf1 Rxh1+ 13.Bxh1 Qd6 14.Qe1 Nc6 15.e4 d4
16.e5 Nxe5 17.Bxb7 Rd8 18.Nb5 Qc5 19.a4 Ng4 20.Bb2 Qb6 21.Qe4 Rd7 22.Bc8 Rd8
23.Re1 Bc5 24.Bb7 Rd7 25.b4 Bxb4 26.Bc6 Bxd2 27.Bxd7+ Kxd7 28.Bxd4 Bc1 29.Bxb6 axb6  1-0

[Event "Open"]
[Site "Mallorca ESP"]
[Date "2000.12.03"]
[Round "2"]
[White "Vassallo,M"]
[Black "Vilar Lopez,M"]
[Result "1-0"]
[WhiteElo "2431"]
[BlackElo "2131"]

1.Nf3 d5 2.c4 e6 3.g3 Nf6 4.Bg2 Be7 5.O-O O-O 6.b3 c6 7.Bb2 Nbd7 8.d4 b6
9.Nc3 Bb7 10.Qc2 Rc8 11.e4 Ba8 12.e5 Ne8 13.h4 Nc7 14.Rfd1 c5 15.dxc5 bxc5
16.Rd2 Nb6 17.Ne4 h6 18.Re1 Na6 19.cxd5 Nxd5 20.Qc4 Qb6 21.Nd6 Rcd8 22.Qg4 Nac7
23.Nc4 Qb8 24.Red1 Nb5 25.Rc1 Kh8 26.Nd6 Nxd6 27.exd6 Bf6 28.Rxc5 Bxb2 29.Rxb2 Qxd6
30.Qd4 Qb6 31.Rc4 Qxd4 32.Rxd4 Rc8 33.Ne5 Kg8 34.Rbd2 Rc7 35.Nc4 Rfc8 36.f4 Nf6
37.Rd8+ Kh7 38.Bxa8  1-0

[Event "FSIMA December"]
[Site "Budapest HUN"]
[Date "2000.12.05"]
[Round "3"]
[White "Spielmann,Al"]
[Black "Boguszlavszkij,J"]
[Result "1-0"]
[WhiteElo "2275"]
[BlackElo "2278"]

1.Nf3 d5 2.c4 e6 3.d4 Nf6 4.Nc3 Bb4 5.e3 O-O 6.Bd3 Nc6 7.O-O dxc4 8.Bxc4 Bd6
9.e4 e5 10.d5 Ne7 11.h3 Ng6 12.a3 a6 13.b4 Qe7 14.Rb1 Bd7 15.Re1 Rfb8 16.Bf1 h6
17.Nd2 Nf4 18.Nc4 g5 19.Be3 Kh7 20.Nxd6 cxd6 21.Na4 Rg8 22.Nb6 Rad8 23.Nxd7 Rxd7
24.g3 Rc7 25.Kh2 Kh8 26.Rc1 Rxc1 27.Qxc1 Qd7 28.gxf4 gxf4 29.Bb6 Ng4+ 30.hxg4 Rxg4
31.Bh3 Rh4 32.Qc3  1-0

[Event "Open"]
[Site "Mallorca ESP"]
[Date "2000.12.05"]
[Round "4"]
[White "Bestard Borras,M"]
[Black "Pons Sastre,S"]
[Result "0-1"]
[WhiteElo "2051"]
[BlackElo "2328"]

1.Nf3 d5 2.c4 d4 3.b4 c5 4.e3 g6 5.Qa4+ Bd7 6.Qb3 Bg7 7.Bb2 e5 8.bxc5 Bc6
9.Na3 Na6 10.Nb5 Nxc5 11.Qa3 Qe7 12.Be2 dxe3 13.Qxe3 Nh6 14.Nxe5 Nf5 15.Nc7+ Qxc7
16.Qxc5 Bf8  0-1

[Event "Open"]
[Site "Mallorca ESP"]
[Date "2000.12.06"]
[Round "5"]
[White "Suba,M"]
[Black "Franco Ocampos,Z"]
[Result "1/2-1/2"]
[WhiteElo "2487"]
[BlackElo "2512"]

1.Nf3 d5 2.c4 d4 3.a3 g6 4.e3 Nc6 5.b4 Bg7 6.Bb2 e5 7.b5 Nce7 8.exd4 e4 9.Ne5 f6
10.Ng4 Bxg4 11.Qxg4 f5 12.Qf4 Bxd4 13.Nc3 Nf6 14.Be2 g5 15.Qxg5 Rg8 16.Qh6 Rxg2
17.Bh5+ Ng6 18.O-O-O Nxh5 19.Qxh5 Qf6 20.Rhg1 Rxg1 21.Rxg1 O-O-O 22.Qh3 Ne5
23.Rg3 Nd3+ 24.Kc2 Nxb2 25.Kxb2 Qd6  1/2-1/2

[Event "Open"]
[Site "Mallorca ESP"]
[Date "2000.12.09"]
[Round "8"]
[White "Barcelo,P"]
[Black "Pons,P"]
[Result "1-0"]
[WhiteElo "2243"]
[BlackElo "2270"]

1.Nf3 d5 2.c4 d4 3.e3 c5 4.b4 dxe3 5.fxe3 cxb4 6.d4 e6 7.Bd3 Nf6 8.O-O Be7
9.Bb2 b5 10.Ne5 Bb7 11.cxb5 Qd5 12.Qe2 Nbd7 13.e4 Qd6 14.Nxf7 Kxf7 15.e5 Qb6
16.exf6 Bxf6 17.Nd2 Bd5 18.Nc4 Bxc4 19.Bxc4 Rhe8 20.Kh1 Kg8 21.Rfe1 Bxd4
22.Bxd4 Qxd4 23.Rad1  1-0

[Event "It"]
[Site "Kastav CRO"]
[Date "2000.12.13"]
[Round "2"]
[White "Bistric,F"]
[Black "Zaja,I"]
[Result "1-0"]
[WhiteElo "2451"]
[BlackElo "2513"]

1.Nf3 d5 2.c4 dxc4 3.e3 Be6 4.Na3 a6 5.Nxc4 b5 6.Nce5 f6 7.Nd4 Bd5 8.Qh5+ g6
9.Nxg6 Bf7 10.Qf3 hxg6 11.Qxa8 Bd5 12.Qa7 e5 13.e4 exd4 14.exd5 Rh5 15.a4 Re5+
16.Kd1 Nc6 17.dxc6 Qd5 18.Qb8+ Kf7 19.Qxc7+ Ne7 20.Ra3 Qe6 21.axb5 Re1+ 22.Kc2 Qf5+
23.Bd3 Qc5+ 24.Rc3 Rxc1+ 25.Rxc1 dxc3 26.dxc3  1-0

[Event "Abel Cardona Open"]
[Site "Cali COL"]
[Date "2000.12.16"]
[Round "1"]
[White "Szmetan,J"]
[Black "Cardona,F"]
[Result "1/2-1/2"]
[WhiteElo "2394"]
[BlackElo "2168"]

1.Nf3 d5 2.c4 e6 3.b3 Nf6 4.g3 Be7 5.Bg2 c5 6.O-O Nc6 7.e3 O-O 8.Qe2 b6 9.Bb2 Ba6
10.d3 Rc8 11.Nbd2 Qd7 12.Rad1 Rfd8 13.e4 dxe4 14.dxe4 Qd3 15.Qxd3 Rxd3 16.e5 Ne8
17.Ne4 Rxd1 18.Rxd1 Rd8 19.Rxd8 Nxd8 20.Ne1 Bb7 21.Nd3 f5 22.exf6 gxf6 23.f4 Kf7
24.Kf2 Nd6 25.Nxd6+ Bxd6 26.Bxb7 Nxb7 27.g4 Nd8 28.Ke3 Nc6 29.h3 Kg6 30.Ke4 Ne7
31.Ke3 Nc6 32.Bc3 f5 33.Ne1 Be7 34.g5 Bf8 35.Nf3 Bg7 36.Bxg7 Kxg7 37.Kd2 Kf7
38.Kc3 Kg6 39.a3 a5 40.Kd3 Kf7 41.Ke3 Kg6 42.Kd3 Kf7  1/2-1/2

[Event "Belgian Interteams 2000-1"]
[Site "BEL"]
[Date "2000.12.17"]
[Round "5"]
[White "Kohlweyer,B"]
[Black "Motwani,P"]
[Result "1/2-1/2"]
[WhiteElo "2455"]
[BlackElo "2464"]

1.Nf3 d5 2.c4 dxc4 3.e3 Nf6 4.Bxc4 e6 5.O-O c5 6.d4 a6 7.Bb3 b5 8.a4 Bb7
9.Qe2 Nbd7 10.Rd1 c4 11.Bc2 Nd5 12.b3 Nb4 13.bxc4 bxc4 14.e4 Be7 15.Nc3 O-O
16.Bb1 Rc8 17.Bd2 a5 18.Be3 Nb6  1/2-1/2

[Event "Koltanowski Mem"]
[Site "San Francisco USA"]
[Date "2000.12.17"]
[Round "4"]
[White "Lakdawala,C"]
[Black "Rey,G"]
[Result "1/2-1/2"]
[WhiteElo "2434"]
[BlackElo "2378"]

1.Nf3 d5 2.c4 c6 3.cxd5 cxd5 4.d4 Nf6 5.Nc3 Nc6 6.Bf4 a6 7.Rc1 Bf5 8.e3 Rc8
9.Ne5 e6 10.Qb3 Nxe5 11.Bxe5 b5 12.a4 Ne4 13.axb5 f6 14.Bg3 Qa5 15.b6 Nxg3
16.hxg3 Bb4 17.Be2 Qxb6 18.Qa4+ Ke7 19.Qxa6  1/2-1/2

[Event "TCh-YUG Women"]
[Site "Kragujevac YUG"]
[Date "2000.12.18"]
[Round "8"]
[White "Stajic,S"]
[Black "Stoisavljevic,S"]
[Result "1/2-1/2"]
[WhiteElo "2055"]
[BlackElo "2083"]

1.Nf3 d5 2.c4 c6 3.b3 Bg4 4.Ne5 Bf5 5.Bb2 Nd7 6.d3 Nxe5 7.Bxe5 d4 8.Bf4 e5
9.Bd2 a5 10.a3 Bd6 11.g3 Qd7 12.Bg2 Bh3 13.O-O h5 14.e4 h4 15.Bxh3 Qxh3 16.Qf3 Nf6
17.Qg2 hxg3 18.hxg3 Qh5 19.f3 Ke7 20.g4 Qh4 21.Be1 Qg5 22.Bd2 Qh4 23.Be1 Qg5
24.Bd2 Qh4  1/2-1/2

[Event "Tournament for the 21st Century"]
[Site "Subotica YUG"]
[Date "2000.12.18"]
[Round "1"]
[White "Grigoriants,S RUS"]
[Black "Sedlak,N"]
[Result "1/2-1/2"]
[WhiteElo "2503"]
[BlackElo "2423"]

1.Nf3 d5 2.c4 c6 3.b3 Bg4 4.Bb2 e6 5.e3 Nd7 6.h3 Bxf3 7.Qxf3 Ngf6 8.Qd1 Bd6
9.Be2 Qe7 10.Nc3 Ba3 11.Bxa3 Qxa3 12.O-O O-O 13.d4 dxc4 14.Bxc4 Nb6 15.Be2 Rfd8
16.Qc2 a5 17.Bf3 Rd7 18.Rfc1 h6 19.Ne4 Nxe4 20.Bxe4 Nd5 21.Qc5 Qxc5 22.Rxc5 Kf8
23.a3 Ke7 24.Rac1 Kd6 25.Kf1 Rdd8 26.Ke2 Ra6 27.Bd3 Ra7 28.g3 Ke7 29.h4 Raa8
30.Be4 Ra6 31.Bd3 Raa8 32.Kf3 Rd7 33.Bf1 Rd6 34.Bg2 Rdd8 35.R1c2 Ke8 36.Rb2 Nb6
37.Ke2 Ra7 38.Rc1 Nc8 39.Be4 Nd6 40.Bd3 Kd7 41.Rc5 Rda8 42.Rb1 Ke7 43.g4 Rh8
44.Rbc1 Ne8 45.f4 Nf6 46.Kf3 Nd7 47.R5c2 Raa8 48.Kg3 Nb6 49.Re1 Ra7 50.Be4 Raa8
51.Bf3 Rhd8 52.Rc5 Nd7 53.Rcc1 Nb6 54.g5 Rh8 55.Bg2 Kd6  1/2-1/2

[Event "Abel Cardona Open"]
[Site "Cali COL"]
[Date "2000.12.20"]
[Round "6"]
[White "Szmetan,J"]
[Black "Luther,T"]
[Result "1/2-1/2"]
[WhiteElo "2394"]
[BlackElo "2547"]

1.Nf3 d5 2.c4 c6 3.d4 Nf6 4.Nc3 a6 5.c5 Bf5 6.h3 h6 7.Qb3 Qc8 8.Bf4 Nbd7
9.e3 e6 10.Be2 Be7 11.O-O O-O 12.Rfc1 Re8 13.Qd1 Bd8 14.b4 Bc7 15.Bxc7 Qxc7
16.a4 b6 17.Qf1 bxc5 18.dxc5 a5 19.b5 Nxc5 20.Nd4 cxb5 21.Ncxb5 Qe7 22.Nxf5 exf5
23.Nd4 g6 24.Bb5 Rec8 25.Qe1 Qd6 26.Rc2 Nce4 27.Rxc8+ Rxc8 28.Qxa5 Rc3 29.Bf1 Nxf2
30.Qxc3 Qg3 31.Ne2 Nxh3+ 32.Kh1 Nf2+ 33.Kg1 Nh3+ 34.Kh1 Nf2+ 35.Kg1  1/2-1/2

[Event "ch-ISR Women"]
[Site "Ramat-Aviv/Modiin ISR"]
[Date "2000.12.20"]
[Round "4"]
[White "Dotan,V"]
[Black "Baron,I"]
[Result "1-0"]
[WhiteElo "2051"]
[BlackElo "2010"]

1.Nf3 d5 2.c4 e6 3.g3 Nf6 4.Bg2 g6 5.O-O Bg7 6.d4 O-O 7.Qc2 Ne4 8.Rd1 c6
9.Bf4 Nd7 10.Ne5 f5 11.f3 Nxe5 12.dxe5 Qb6+ 13.e3 g5 14.fxe4 gxf4 15.c5 Qc7
16.gxf4 fxe4 17.Nc3 Qe7 18.Ne2 Bd7 19.Nd4 Qh4 20.Qd2 Rae8 21.Qe1 Qxe1+ 22.Rxe1 Kh8
23.Bh3 Rg8 24.Kh1 Bf8 25.b4 Rg6 26.Rg1 Re7 27.Rg4 Rxg4 28.Bxg4 Bg7 29.a4 a6
30.b5 cxb5 31.axb5 axb5 32.Ra7 Bf8 33.Rxb7 b4 34.Rxb4 Bc8 35.Rb8 Rc7 36.Bxe6  1-0

[Event "XIII Carlos Torre Open"]
[Site "Merida MEX"]
[Date "2000.12.21"]
[Round "8"]
[White "Strikovic,A"]
[Black "Amura,C"]
[Result "1-0"]
[WhiteElo "2490"]
[BlackElo "2351"]

1.Nf3 d5 2.c4 c6 3.b3 Bg4 4.Ne5 Bf5 5.Bb2 Nd7 6.Nxd7 Qxd7 7.d3 e6 8.Nd2 Nf6
9.g3 Bd6 10.Bg2 e5 11.O-O O-O 12.e4 Bg4 13.Qc2 Rfe8 14.exd5 cxd5 15.Rfe1 Rac8
16.a3 b5 17.Bc3 Qf5 18.Bb4 Bxb4 19.axb4 bxc4 20.bxc4 dxc4 21.Nxc4 e4 22.dxe4 Qe6
23.Rac1 Bh3 24.Bxh3 Qxh3 25.f3 Rc7 26.Qd2 Rec8 27.Nd6 Rxc1 28.Rxc1 Rxc1+
29.Qxc1 g6 30.Qc8+ Qxc8 31.Nxc8 a6 32.Kf2 Kf8 33.Ke3 Ke8 34.Nb6 Kd8 35.Kd4 Ne8
36.Nd5  1-0

[Event "Koltanowski Mem"]
[Site "San Francisco USA"]
[Date "2000.12.22"]
[Round "9"]
[White "Donaldson,J"]
[Black "Schiller,E"]
[Result "1/2-1/2"]
[WhiteElo "2396"]
[BlackElo "2172"]

1.Nf3 d5 2.c4 e6 3.g3 c5 4.Bg2 Nc6 5.O-O Nf6 6.d4 Be7 7.dxc5 Bxc5 8.a3 dxc4
9.Qxd8+ Kxd8 10.Nbd2 c3 11.bxc3 Ke7 12.Nb3 Bd6 13.c4 Rd8 14.c5 Bc7 15.Rb1 Rb8
16.Bb2 e5 17.Nfd2 Be6 18.Rfc1 Bd5 19.Nc4 Bxg2 20.Kxg2 Ke6 21.f3 Rd7 22.Rd1 Rbd8
23.Rxd7 Rxd7 24.Kf2 Kd5 25.Rc1 Ke6 26.g4 h6 27.h4 Rd8 28.h5 Nd5 29.e3 Nde7
30.Ke2 Rd7 31.Bc3 f6 32.Nbd2 Nd5 33.Ne4 b6 34.cxb6 axb6 35.Bd2 Nce7 36.a4 Rd8
37.Na3 Bb8 38.Ng3 Bd6 39.Nb5 Bb4 40.Bxb4 Nxb4 41.Rc4 Nbd5 42.Nf5 Kf7 43.Ng3 Ke6
44.Rc1 Ra8 45.Rc4 Kd7 46.Kd2 Nc6 47.Nf5 Na5 48.Re4 Nb3+ 49.Kc2 Nc5 50.Rc4 Rxa4
51.Rxa4 Nxa4 52.Nxg7 e4  1/2-1/2

[Event "Ambassador Open"]
[Site "Bern SUI"]
[Date "2000.12.27"]
[Round "3"]
[White "Horvath,Cs"]
[Black "Dudas,Jano"]
[Result "1/2-1/2"]
[WhiteElo "2513"]
[BlackElo "2338"]

1.Nf3 d5 2.c4 dxc4 3.Qa4+ Qd7 4.Qxc4 Qc6 5.b3 Be6 6.Qxc6+ Nxc6 7.Bb2 Bg4
8.e3 O-O-O 9.d4 e5 10.dxe5 Nb4 11.Na3 Nxa2 12.Bc4 Nb4 13.O-O Bxf3 14.gxf3 Nh6
15.Rfd1 Be7 16.Nb5 a6 17.Nc3 Rxd1+ 18.Rxd1 Rd8 19.Rxd8+ Kxd8 20.Ne4 b5 21.Be2 Nf5
22.f4 g6 23.Kf1 Ng7 24.Ke1  1/2-1/2

[Event "3rd Hilton Open"]
[Site "Basle SUI"]
[Date "2001.01.02"]
[Round "2"]
[White "Hobuss,W"]
[Black "Dudas,Jano"]
[Result "0-1"]
[WhiteElo "2117"]
[BlackElo "2386"]

1.Nf3 d5 2.c4 dxc4 3.Qa4+ c6 4.Qxc4 Nf6 5.g3 Bf5 6.Nc3 e6 7.Bg2 Be7 8.Nh4 Bg6
9.Nxg6 hxg6 10.b4 a6 11.Rb1 Nbd7 12.a4 Rc8 13.Qb3 Nd5 14.Nxd5 cxd5 15.Bb2 O-O
16.O-O Rc4 17.Ba3 Qc7 18.Rfc1 Rc8 19.Bf1 Qd6 20.d3 Rxc1 21.Bxc1 Qxb4 22.Qxb4 Bxb4
23.Rxb4 Rxc1 24.Rxb7 Nc5 25.Rb8+ Kh7 26.Rb6 Ra1 27.e3 a5 28.Rb5 Nxd3 29.Rxa5 Nb2
30.Ra7 f6 31.a5 Nc4 32.Kg2 Nxa5 33.h4 Nb3 34.Re7 Nc5 35.Bb5 Ra2 36.Kf1 Ne4
37.Be2 e5 38.Rd7 f5 39.Ke1 Ra1+ 40.Bd1 Nc3 41.Kd2 Nxd1 42.Rxd5 Nxf2 43.Rxe5 Ra2+
44.Kc3 Ne4+ 45.Kd4 Ra4+ 46.Kd3 Nxg3  0-1

[Event "1st Wilhelm Steinitz Mem"]
[Site "Prague CZE"]
[Date "2001.01.03"]
[Round "9"]
[White "Pribyl,M"]
[Black "Kotan,L"]
[Result "1-0"]
[WhiteElo "2331"]
[BlackElo "2434"]

1.Nf3 d5 2.c4 e6 3.g3 Nf6 4.Bg2 Be7 5.b3 O-O 6.Bb2 Nbd7 7.O-O b6 8.d3 Bb7
9.Nbd2 a5 10.a3 c5 11.Qc2 d4 12.e3 e5 13.exd4 exd4 14.Rfe1 Re8 15.b4 Qc7
16.Re2 axb4 17.axb4 Rxa1+ 18.Bxa1 Nf8 19.Bb2 Ne6 20.Nb3 Bd6 21.Qd2 Ra8 22.Qe1 h6
23.Bc1 Nf8 24.Qf1 Ng6 25.Ne1 Ra4 26.bxc5 bxc5 27.Rb2 Bc6 28.Bxc6 Qxc6 29.Qg2 Qe8
30.Kf1 Rb4 31.Nd2 Rxb2 32.Bxb2 Qa4 33.Ne4 Nxe4 34.Qxe4 Qb3 35.Qa8+ Kh7 36.Qa3 Qb6
37.Bc1 Qb7 38.h4 f5 39.Qb2 Qh1+ 40.Ke2 f4 41.Qb6 Be5 42.gxf4 Bxf4 43.Ba3 Be5
44.Qxc5 Qxh4 45.Qc6 Nf4+ 46.Kd1 Qxf2 47.Qe4+ Ng6 48.Nf3 Bf4 49.Bc5 Qf1+ 50.Kc2 Qc1+
51.Kb3 Qd1+ 52.Kb4 Qb1+ 53.Ka4 Qa2+ 54.Kb5 Qb3+ 55.Bb4 Qd1 56.c5 Qh1 57.Ng5+  1-0

[Event "Australian Open"]
[Site "Canberra AUS"]
[Date "2001.01.06"]
[Round "9"]
[White "Johansen,D"]
[Black "Rogers,I"]
[Result "1/2-1/2"]
[WhiteElo "2505"]
[BlackElo "2558"]

1.Nf3 d5 2.c4 c6 3.d4 Nf6 4.cxd5 cxd5 5.Nc3 Nc6 6.Bf4 Bf5 7.e3 e6 8.Ne5 Nxe5
9.Bxe5 Nd7 10.Qb3 Nxe5 11.dxe5 Be7 12.Bb5+ Kf8 13.O-O g5 14.Be2  1/2-1/2

[Event "Keres Mem Rapid Women"]
[Site "Tallinn EST"]
[Date "2001.01.06"]
[Round "3"]
[White "Bashkite,V"]
[Black "Fomina,T"]
[Result "1/2-1/2"]
[WhiteElo "2052"]
[BlackElo "2266"]

1.Nf3 d5 2.c4 Nc6 3.cxd5 Qxd5 4.Nc3 Qa5 5.g3 e5 6.Bg2 Bg4 7.O-O O-O-O 8.Qb3 Be6
9.Qa4 Qxa4 10.Nxa4 f6 11.d3 Nh6 12.Be3 Nf5 13.Bc5 Nd6 14.Rfc1 Be7 15.Nd2 f5
16.Bxc6 bxc6 17.Bxa7 Bg5 18.e3 Nb5 19.Rxc6 Bd5 20.Ra6 Bb7 21.Ra5 Nxa7 22.Rxa7 Rxd3
23.Rxb7 Rxd2 24.Rb5 Re8 25.Rc1 Re6 26.Nb6+ Kd8 27.Nc4 c6 28.Rxe5 Rxe5 29.Nxd2 Ra5
30.a3 Bf6 31.Nc4 Rd5 32.Rc2 g5 33.b4 Rd1+ 34.Kg2 Ra1 35.Rd2+ Kc7 36.Rd6 Bg7
37.Re6 Kd7 38.Rd6+ Kc7 39.Rd3 Bf8 40.Na5 Bg7 41.Nc4 Bf8 42.Ne5 Bd6 43.Nf7 Be7
44.Nh6 f4 45.exf4 gxf4 46.gxf4 c5 47.bxc5 Bxc5 48.f5 Bxa3 49.f6 Bf8 50.Nf7 Ra6
51.Ng5 Rxf6 52.Nxh7 Rg6+ 53.Rg3 Rxg3+ 54.fxg3 Bd6 55.Nf6 Kd8 56.Ne4 Be5 57.h4 Ke7
58.Kh3 Ke6 59.g4 Kd5 60.Ng3 Ke6 61.Nf5 Kf6 62.Ne3 Kg6 63.g5 Bf4 64.Nd5 Bxg5  1/2-1/2

[Event "Troll Masters"]
[Site "Gausdal NOR"]
[Date "2001.01.08"]
[Round "5"]
[White "Bae,T"]
[Black "Johansen,KR"]
[Result "1-0"]
[WhiteElo "2279"]
[BlackElo "2097"]

1.Nf3 d5 2.c4 Nf6 3.cxd5 Nxd5 4.d4 e6 5.e4 Nf6 6.Nc3 c5 7.d5 exd5 8.e5 d4
9.exf6 dxc3 10.Bg5 Qa5 11.Bb5+ Nc6 12.Bxc6+ bxc6 13.O-O cxb2 14.Re1+ Be6
15.Rxe6+ fxe6 16.f7+ Kxf7 17.Qd7+  1-0

[Event "IM Closed"]
[Site "Martinenc ESP"]
[Date "2001.01.10"]
[Round "3"]
[White "Jose Abril,R"]
[Black "Granados Gomez,M"]
[Result "0-1"]
[WhiteElo "2361"]
[BlackElo "2408"]

1.Nf3 d5 2.c4 c6 3.b3 Bg4 4.Bb2 Nd7 5.g3 e6 6.Bg2 Ngf6 7.O-O h6 8.d4 Be7
9.Nc3 O-O 10.Re1 a6 11.e4 Bb4 12.e5 Ne4 13.Re3 Nxc3 14.Bxc3 Bxc3 15.Rxc3 dxc4
16.bxc4 c5 17.h3 Bxf3 18.Bxf3 Qc7 19.Rb3 Rab8 20.Rab1 b6 21.Bh5 cxd4 22.Qxd4 Rfd8
23.Qf4 Nc5 24.Rf3 Rd7 25.Re3 Rbd8 26.Be2 Rd2 27.a3 a5 28.Bf1 a4 29.Re2 R2d4
30.Qc1 Nb3 31.Qe3 Rxc4 32.Ree1 Rc3 33.Qf4 Nd2 34.Qxa4 Qc5 35.Rbd1 Rxg3+ 36.Bg2 Rxa3
37.Qf4 Rad3 38.Rc1 Qd4 39.Qxd4 R3xd4 40.Rc7 b5 41.Rb7 b4 42.Rc1 b3 43.Rcc7 Rf4
44.Bc6 h5 45.Kg2 h4 46.f3 Nxf3  0-1

[Event "Czech Extra League 2000-1"]
[Site "CZE"]
[Date "2001.01.14"]
[Round "5"]
[White "Nedela,V"]
[Black "Votava,J"]
[Result "1/2-1/2"]
[WhiteElo "2385"]
[BlackElo "2510"]

1.Nf3 d5 2.c4 e6 3.d4 Nf6 4.Nc3 Be7 5.Bg5 Nbd7 6.e3 h6 7.Bxf6 Nxf6 8.Qc2 O-O
9.Bd3 dxc4 10.Bxc4 c5 11.O-O cxd4 12.Nxd4 Bd7 13.Rfd1  1/2-1/2

[Event "IM Closed"]
[Site "Martinenc ESP"]
[Date "2001.01.16"]
[Round "9"]
[White "Buecker,S"]
[Black "Fluvia Poyatos,J"]
[Result "1-0"]
[WhiteElo "2346"]
[BlackElo "2421"]

1.Nf3 d5 2.c4 e6 3.d3 dxc4 4.Qa4+ Nd7 5.Qxc4 Ngf6 6.g3 Bd6 7.Bg2 O-O 8.O-O Qe7
9.Nc3 c6 10.a4 a5 11.Nh4 Rd8 12.f4 Nb6 13.Qb3 Bc5+ 14.Kh1 Nbd5 15.Ne4 Nxe4
16.dxe4 Nb4 17.e5 b6 18.Be4 g6 19.Be3 Bb7 20.Bxc5 Qxc5 21.Nf3 Nd5 22.Bxd5 Rxd5
23.e4 Rd7 24.f5 Re8 25.Rac1 Qb4 26.Qe3 exf5 27.exf5 c5 28.f6 Qd2 29.Rc3 h6
30.Kg1 Qxe3+ 31.Rxe3 Bxf3 32.Rfxf3 Rd5 33.Rb3 Re6 34.Rfe3 Kf8 35.Kf2 Ke8
36.Kf3 Kd7 37.Rbd3 Kc6 38.Rxd5 Kxd5 39.Kf4 c4 40.Re1 Rc6 41.Rd1+ Ke6 42.Rd4 b5
43.axb5 Rb6 44.Ke4 a4 45.Rd8 g5 46.g4  1-0

[Event "Corus Reserve Gp"]
[Site "Wijk aan Zee NED"]
[Date "2001.01.17"]
[Round "2"]
[White "Krnic,Z"]
[Black "Oosterom,E"]
[Result "1-0"]
[WhiteElo "2390"]
[BlackElo "2199"]


1.Nf3 d5 2.c4 c6 3.b3 Bg4 4.Bb2 Nd7 5.d4 e6 6.Nbd2 Ngf6 7.Ne5 Nxe5 8.dxe5 Nd7
9.h3 Bf5 10.g4 Bg6 11.Bg2 h5 12.cxd5 cxd5 13.e4 Nc5 14.Qe2 hxg4 15.hxg4 Rxh1+
16.Bxh1 dxe4 17.Bxe4 Nxe4 18.Nxe4 Qd5 19.f3 Bxe4 20.Qxe4 Qxe4+ 21.fxe4 Rc8
22.Kd2 Bb4+ 23.Kd3 Ke7 24.a3 Ba5 25.b4 Bb6 26.a4 Rd8+ 27.Kc4 Rd2 28.a5 Rxb2
29.axb6 axb6 30.Ra7 Re2 31.Rxb7+ Kd8 32.Kd4 Rd2+ 33.Ke3 Rg2 34.Kf3 Rg1 35.Rxb6 Kc7
36.Ra6 g5 37.Ke3 Rxg4 38.Ra7+ Kc6 39.Rxf7 Rg1 40.Re7 Kb5 41.Rxe6 Kxb4 42.Re8 Re1+
43.Kf3 Kc5 44.Rd8 g4+ 45.Kxg4 Rxe4+ 46.Kf5 Rh4 47.e6 Rh5+ 48.Kg6  1-0

[Event "Corus Reserve Gp"]
[Site "Wijk aan Zee NED"]
[Date "2001.01.17"]
[Round "2"]
[White "Friedman,A"]
[Black "De Mie,M"]
[Result "1-0"]
[WhiteElo "2339"]
[BlackElo "2150"]


1.Nf3 d5 2.c4 e6 3.d4 a6 4.cxd5 exd5 5.Nc3 c6 6.Bf4 Bd6 7.Bg3 Ne7 8.e3 O-O
9.Ne5 Nf5 10.Bd3 Be6 11.Qc2 g6 12.Na4 Nxg3 13.hxg3 Bxe5 14.dxe5 Qa5+ 15.Ke2 Nd7
16.f4 c5 17.Kf2 c4 18.Be2 b5 19.Nc3 b4 20.Na4 f6 21.exf6 Nxf6 22.Bf3 Bf5
23.Qd1 Rfe8 24.b3 Rac8 25.g4 Ne4+ 26.Bxe4 Bxe4 27.Rxh7 cxb3 28.Qh1 Rc2+ 29.Ke1 Qxa4
30.Qh6 Re2+ 31.Kxe2  1-0

[Event "Tch-AUT 2000-01"]
[Site "Graz AUT"]
[Date "2001.01.19"]
[Round "6"]
[White "Loeffler,S"]
[Black "Wach,M"]
[Result "1-0"]
[WhiteElo "2413"]
[BlackElo "2381"]

1.Nf3 d5 2.c4 e6 3.d4 c5 4.cxd5 exd5 5.g3 Nc6 6.Bg2 Nf6 7.O-O Be7 8.dxc5 Bxc5
9.Qc2 Ne4 10.Nc3 Nb4 11.Qa4+ Bd7 12.Qb3 Be6 13.Nd4 Bxd4 14.Qxb4 Nxc3 15.bxc3 Bf6
16.Rb1 Qb6 17.Rd1 Qxb4 18.Rxb4 Bxc3 19.Rxb7 O-O 20.Bxd5 Bxd5 21.Rxd5 Rfe8
22.Be3 a6 23.Rdd7 f5 24.Bd4 Bxd4 25.Rxd4 Rxe2 26.Rdd7 Rxa2 27.Rxg7+ Kh8 28.Rxh7+ Kg8
29.h4 Rd8 30.Rhg7+ Kh8 31.h5 Rd1+ 32.Kg2 Rdd2 33.h6 Rxf2+ 34.Kg1 Rg2+ 35.Kf1  1-0

[Event "Tch-AUT 2000-01"]
[Site "Graz AUT"]
[Date "2001.01.19"]
[Round "6"]
[White "Baumegger,S"]
[Black "Weinzettl,E"]
[Result "0-1"]
[WhiteElo "2393"]
[BlackElo "2412"]

1.Nf3 d5 2.c4 c6 3.g3 Bg4 4.Bg2 e6 5.O-O Nd7 6.b3 h5 7.Bb2 h4 8.Nxh4 Rxh4
9.gxh4 Qxh4 10.Qe1 Bd6 11.f4 Qh5 12.Nc3 Ne7 13.cxd5 exd5 14.e4 O-O-O 15.d4 g5
16.Bc1 Bc7 17.Qg3 dxe4 18.h3 Be6 19.Qxg5 Qh8 20.f5 Nxf5 21.Rxf5 Bxf5 22.Qxf5 Qxd4+
23.Qf2 Qxc3 24.Bb2 Qb4 25.Kh1 Qd6 26.Bxe4 Nc5 27.Bf5+ Kb8 28.Re1 Qd5+ 29.Kg1 Rg8+
30.Kf1 Nd3 31.Be4 Qb5  0-1

[Event "Tch-AUT 2000-01"]
[Site "Graz AUT"]
[Date "2001.01.21"]
[Round "8"]
[White "Novkovic,Mi"]
[Black "Schwarz,M"]
[Result "0-1"]
[WhiteElo "2406"]
[BlackElo "2367"]

1.Nf3 d5 2.c4 dxc4 3.e3 Nf6 4.Bxc4 e6 5.d4 c5 6.O-O a6 7.dxc5 Qxd1 8.Rxd1 Bxc5
9.Nbd2 Nc6 10.Nb3 Ba7 11.Bd2 Ne4 12.Be1 Bd7 13.Na5 Nxa5 14.Bxa5 f6 15.Rac1 b6
16.Bxa6 Nc5 17.Rxc5 bxc5 18.Bc4 Ke7 19.Bc3 Bb6 20.Nd2 Rhd8 21.Rc1 Bc6 22.Kf1 Ba5
23.Bxa5 Rxa5 24.Rc2 Bd5 25.a3 Rb8 26.e4 Bc6 27.Ke2 Ba4 28.b3 Bc6 29.a4 g6
30.f3 f5 31.Ke3 Kf6 32.f4 fxe4 33.Nxe4+ Bxe4 34.Kxe4 Rd8 35.Bb5 Rd4+ 36.Ke3 Rb4
37.Bc4 h5 38.Rd2 Rxc4 39.bxc4 Rxa4 40.Rc2 Kf5 41.g3 Ra3+ 42.Kf2 e5 43.fxe5 Kxe5
44.Rd2 Ke4 45.Rd5 Ra2+ 46.Ke1 Ke3 47.Re5+ Kd4 48.Rg5 Rxh2 49.Rxg6 Kxc4 50.Rh6 Kd3
51.g4 h4 52.g5 c4 53.g6 c3 54.g7 Rg2 55.Rxh4 c2 56.Rh3+ Kd4 57.Rh4+ Kc3 58.Rh3+ Kb2  0-1

[Event "Corus Reserve Gp"]
[Site "Wijk aan Zee NED"]
[Date "2001.01.21"]
[Round "5"]
[White "Krnic,Z"]
[Black "Wirschell,T"]
[Result "1-0"]
[WhiteElo "2390"]
[BlackElo "2318"]


1.Nf3 d5 2.c4 e6 3.b3 dxc4 4.bxc4 e5 5.Nc3 Nc6 6.g3 f5 7.d3 Bb4 8.Bd2 Nf6
9.Qb3 Bc5 10.Qb5 Qe7 11.Nd5 Nxd5 12.cxd5 a6 13.Qb3 Nb8 14.Bg2 Bd6 15.d4 e4
16.Bg5 Qd7 17.Ne5 Qb5 18.f3 Qxb3 19.axb3 exf3 20.Bxf3 Nd7 21.Nc4 Bb4+ 22.Bd2 Bxd2+
23.Kxd2 O-O 24.Rhc1 Nf6 25.Ne5 Rd8 26.Rxc7 Nxd5 27.Bxd5+ Rxd5 28.e3 Kf8 29.g4 Rb5
30.gxf5 Rxb3 31.Rg1 Bxf5 32.Rf7+ Kg8 33.Rfxg7+  1-0

[Event "17th Open"]
[Site "Geneva SUI"]
[Date "2001.01.22"]
[Round "3"]
[White "Becker,T1"]
[Black "Lukasiewicz,G"]
[Result "0-1"]
[WhiteElo "2215"]
[BlackElo "2308"]

1.Nf3 d5 2.c4 c6 3.e3 Nf6 4.Qc2 g6 5.cxd5 cxd5 6.Bb5+ Bd7 7.Bxd7+ Nbxd7 8.O-O Bg7
9.d4 O-O 10.Bd2 Qb6 11.Nc3 Rac8 12.Rfc1 a6 13.Qa4 Qd6 14.Qa5 Rfe8 15.Na4 Ne4
16.Bb4 Qe6 17.Nd2 Nxf2 18.Kxf2 Nf6 19.h3 Bh6 20.Re1 Qf5+ 21.Kg1 Rc2 22.Nf3 g5
23.e4 Nxe4 24.Rxe4 Qxe4 25.Re1 Qf5 26.Nc3 g4 27.Qxd5 Qxd5 28.Nxd5 gxf3 29.Nc7 f2+  0-1

[Event "Corus Reserve Gp"]
[Site "Wijk aan Zee NED"]
[Date "2001.01.23"]
[Round "7"]
[White "Ivkov,B"]
[Black "Wirschell,T"]
[Result "1/2-1/2"]
[WhiteElo "2432"]
[BlackElo "2318"]


1.Nf3 d5 2.c4 e6 3.d4 c6 4.e3 Bd6 5.Bd3 f5 6.O-O Nf6 7.b3 Qe7 8.a4 O-O 9.Ba3 Bxa3
10.Nxa3 Ne4 11.Nc2 a5 12.Qe1 Nd7 13.b4 axb4 14.Qxb4 Qxb4 15.Nxb4 c5 16.dxc5 dxc4
17.Bxc4 Ndxc5 18.a5 Rd8 19.Rfc1 Bd7 20.Nd4 Kf8 21.f3 Nd2 22.Ra2 Nxc4 23.Rxc4 Rdc8
24.Rac2 Rxa5 25.Nb3 Nxb3 26.Rxc8+ Bxc8 27.Rxc8+ Kf7 28.Rc7+ Kf6 29.Rxb7 Nc5
30.Rb6 Nd7 31.Rd6 Ne5 32.Ra6  1/2-1/2